World's Best Inspiring Stories (Record no. 323204)

MARC details
000 -LEADER
fixed length control field 00413nam a2200157Ia 4500
008 - FIXED-LENGTH DATA ELEMENTS--GENERAL INFORMATION
fixed length control field 230718s9999 xx 000 0 und d
041 ## - LANGUAGE CODE
Language code of text/sound track or separate title eng
082 ## - DEWEY DECIMAL CLASSIFICATION NUMBER
Classification number 242
Item number XAV
100 ## - MAIN ENTRY--PERSONAL NAME
Personal name Xavier G.F.
245 ## - TITLE STATEMENT
Title World's Best Inspiring Stories
260 ## - PUBLICATION, DISTRIBUTION, ETC. (IMPRINT)
Date of publication, distribution, etc. 2009
Name of publisher, distributor, etc. Jaico Publishing House
300 ## - PHYSICAL DESCRIPTION
Extent 164
365 ## - TRADE PRICE
Currency code Rs.
Price amount 250.00
700 ## - ADDED ENTRY--PERSONAL NAME
Personal name Xavier G.F.
906 ## - LOCAL DATA ELEMENT F, LDF (RLIN)
d O:0039218-Nov-2009B:34202-Oct-2009
c GENRL
b 50
Holdings
Withdrawn status Lost status Damaged status Not for loan Home library Current library Date acquired Vendor Budget Code Cost, normal purchase price Bill number Total Checkouts Full call number Barcode Date last seen Discount Cost, replacement price Bill Date Koha item type Original Barcode
        Cummins College of Engineering for Women Pune Cummins College of Engineering for Women Pune 18/11/2009 Pradeep Book Distributors GENRL 200.00 342   242 CCEP-BK-34411 18/07/2023 50 250.00 02/10/2009 Books 034411